Normal view
MARC view
Entry Topical Term
001 - CONTROL NUMBER
- control field: 15972
003 - CONTROL NUMBER IDENTIFIER
- control field: ARRUPE
005 - DATE AND TIME OF LATEST TRANSACTION
- control field: 20150309122923.0
008 - FIXED-LENGTH DATA ELEMENTS
- fixed length control field: 150309|| aca||aabn | a|a d
040 ## - CATALOGING SOURCE
- Original cataloging agency: ARRUPE
- Transcribing agency: ARRUPE
150 ## - HEADING--TOPICAL TERM
- Topical term or geographic name as entry element: Joyce, James
- General subdivision: Study and teaching
- General subdivision: Outlines
670 ## - SOURCE DATA FOUND
- Source citation: Work cat.: (ARRUPE): Martin, Graham 15970, James Joyce, 1973